000 00969nam a2200301 i 4500
001 bg
100 1 _aTOPOLEWSKI, Zygmunt
245 1 0 _aKomputerowe zabezpieczenie poufności informacji w zarządzaniu /
_cZygmunt Topolewski ; Wyższa Szkoła Handlowa we Wrocławiu.
260 _aWrocław :
_b"Continuo",
_c2002.
300 _a170 s. :
_bil. ;
_c24 cm.
490 1 _aBadania
504 _aBibliogr.
650 9 _aSzyfry
_xstosowanie
650 9 _aSzyfry
_xmetody
650 9 _aInformacja
_xochrona
650 9 _aTransmisja danych
_xochrona
650 9 _aSystemy informatyczne
_xochrona
710 0 _aWyższa Szkoła Handlowa (Wrocław)
830 _aBadania
020 _a8386682833
040 _cBPK
041 0 _apl
080 _a003.26:004.056:004.6:004.7](075.8)
920 _a83-86682-83-3
942 _cKS
008 s pl f |000 0 pol
999 _c41598
_d41598
856 _uhttp://koha.tu.koszalin.pl/cgi-bin/koha/opac-detail.pl?biblionumber=41598
_yKatalog online BPK